Accounting fundamentals

"Accounting Fundamentals" is a text-kit that provides a brief but comprehensive introduction to accounting. It gives students a basic understanding of accounting principles and procedures used for recording, classifying, and summarizing financial data. Students also learn accounting termin...

Πλήρης περιγραφή

Αποθηκεύτηκε σε:
Λεπτομέρειες βιβλιογραφικής εγγραφής
Κύριος συγγραφέας: Curran, Michael G.
Μορφή: Βιβλίο
Γλώσσα:Undetermined
Έκδοση: Boston McGraw-Hill Irwin 2006
Θέματα:
Ετικέτες: Προσθήκη ετικέτας
Δεν υπάρχουν, Καταχωρήστε ετικέτα πρώτοι!
Thư viện lưu trữ: Trung tâm Học liệu Trường Đại học Cần Thơ
LEADER 00914nam a2200205Ia 4500
001 CTU_166138
008 210402s9999 xx 000 0 und d
020 |c 121.33 
082 |a 657 
082 |b C976 
100 |a Curran, Michael G. 
245 0 |a Accounting fundamentals 
245 0 |c Michael G. Curran 
260 |a Boston 
260 |b McGraw-Hill Irwin 
260 |c 2006 
520 |a "Accounting Fundamentals" is a text-kit that provides a brief but comprehensive introduction to accounting. It gives students a basic understanding of accounting principles and procedures used for recording, classifying, and summarizing financial data. Students also learn accounting terminology and are introduced to the financial forms, records, and statements used in the business world. 
650 |a Accounting,Kế toán 
904 |i Bạch Trúc 
980 |a Trung tâm Học liệu Trường Đại học Cần Thơ